Zgadnij państwo po trzech skoczkach narciarskich - Statystyki

Ogólne statystyki
  • Ten quiz został rozwiązany 45 razy
  • Średni wynik to 14 z 15
Statystyki odpowiedzi
Skoczkowie Państwo % Poprawnych
Li Chao Chiny
100%
Jakub Janda Czechy
100%
Noriaki Kasai Japonia
100%
Richard Freitag Niemcy
100%
Adam Małysz Polska
100%
Artur Chamidulin Rosja
100%
Torbjørn Falkanger Norwegia
98%
Žiga Jelar Słowenia
98%
Giovanni Bresadola Włochy
98%
Kirił Petrow Bułgaria
95%
Antti Aalto Finlandia
95%
Hektor Kapustík Słowacja
95%
Nikita Diewiatkin Kazachstan
86%
Daniel Cacina Rumunia
84%
Artti Aigro Estonia
81%
Nie znaleziono quizów pasujących do podanych kryteriów
Rozkład punktacji
Procent ludzi z każdym wynikiem
Percentyl według liczby udzielonych odpowiedzi
Twoja historia wyników
Nie rozwiązałeś tego quizu